000
00339nam a2200145Ia 4500
008
230718s9999 xx 000 0 und d
041
_a
Eng.
082
_a
340
_b
CH,-P
100
_a
Ch, M. Bashis
245
0
_a
Pakistan law Journel (1990)
260
_a
Pakistan
_b
Punjab bar Concil
_c
1990
300
_a
584
650
_a
Law
999
_c
27365
_d
27365